000 00861nam a22002297a 4500
999 _c15181
_d15181
003 AR-CdUCM
008 190426b ||||| |||| 00| 0 spa d
020 _a978-607-404-280-1
040 _aMUNICIPALIDAD PROVINCIAL DEL CUSCO
_cBIBLIOTECA MUNICIPAL DEL CUSCO
082 _aPI / 808.06 /
_bD82
110 _aDisney
_933330
245 _aCuentos de aventura :
_bIncluye personajes de tus películas favoritas de Disney PIXAR /
260 _aMéxico :
_bDisney,
_c2015.
300 _a150 páginas ;
_bIlustraciones,
_c23 cm.
440 _aUn tesoro de cuentos
_933241
505 _aContenido: Peter pan -- Toy story ¡y más allá! -- Mosters, INC -- Cars -- Aladdín y el rey de los ladrones...
650 _aPersonajes de Disney
_934212
650 _aCuentos
_9217
650 _aLiteratura infantil
_9588
942 _2ddc
_cLIBROS
945 _adavv
_d26/04/2019